<?xml version="1.0" encoding="UTF-8"?>
<marc:record xmlns:marc="http://www.loc.gov/MARC21/slim">
   <marc:leader>00000nam a2200000 a 4500</marc:leader>
   <marc:datafield ind1="1" ind2=" " tag="100">
      <marc:subfield code="a">Abbott, James</marc:subfield>
      <marc:subfield code="4">aut</marc:subfield>
      <marc:subfield code="e">Verfasser/-in</marc:subfield>
   </marc:datafield>
   <marc:datafield ind1="0" ind2="0" tag="245">
      <marc:subfield code="a">Höllenkönig</marc:subfield>
   </marc:datafield>
   <marc:datafield ind1="0" ind2="0" tag="245">
      <marc:subfield code="b">Roman</marc:subfield>
   </marc:datafield>
   <marc:datafield ind1="0" ind2="0" tag="245">
      <marc:subfield code="c">James Abbott</marc:subfield>
   </marc:datafield>
   <marc:datafield ind1=" " ind2="1" tag="264">
      <marc:subfield code="a">München</marc:subfield>
      <marc:subfield code="b">Penhaligon</marc:subfield>
      <marc:subfield code="c">2018</marc:subfield>
   </marc:datafield>
   <marc:datafield ind1="1" ind2=" " tag="520">
      <marc:subfield code="a">Angaben aus der Verlagsmeldung

Höllenkönig : Roman The Never King / von James Abbott

Er war auserkoren, das Königreich zu regieren. Nun herrscht er über das grausamste Gefängnis der Fantasy.

Am Gipfel eines verschneiten Berges gelegen, inmitten einer todbringenden Einöde, liegt die Höllenfeste – ein unmenschliches Gefängnis, in dem die schlimmsten Verbrecher der Welt in lebenslanger Haft eingekerkert sind. Doch es sind nicht die Wachen, die die Macht über das Gefängnis in den Händen halten. Es ist der geheimnisvolle Höllenkönig, der die rivalisierenden Häftlinge kontrolliert. Was niemand weiß: Höllenkönig Xavier ist der einzige Verbrecher, der sich freiwillig in Ketten legen ließ. Welches entsetzliche Geheimnis hütet er – und was steht in der geheimen Botschaft, die den Höllenkönig plötzlich seine Ketten sprengen lässt?

</marc:subfield>
   </marc:datafield>
   <marc:datafield ind1=" " ind2=" " tag="020">
      <marc:subfield code="a">9783764531997</marc:subfield>
      <marc:subfield code="9">9783764531997</marc:subfield>
   </marc:datafield>
   <marc:datafield ind1=" " ind2=" " tag="020">
      <marc:subfield code="a">3764531991</marc:subfield>
      <marc:subfield code="9">3764531991</marc:subfield>
   </marc:datafield>
   <marc:datafield ind1=" " ind2=" " tag="041">
      <marc:subfield code="a">ger</marc:subfield>
   </marc:datafield>
   <marc:datafield ind1=" " ind2=" " tag="300">
      <marc:subfield code="a">608 Seiten</marc:subfield>
   </marc:datafield>
</marc:record>
